| 000 | 01028pam a2200289 a 4500 | ||
|---|---|---|---|
| 001 | 1543001 | ||
| 003 | ARRUPE | ||
| 005 | 20131107170001.0 | ||
| 008 | 910614s1991 ilu 000 1 eng | ||
| 010 | _a 91025424 | ||
| 020 |
_a1556521138 : _c18.95 |
||
| 020 |
_a1556521146 (pbk.) : _c$9.95 |
||
| 040 |
_aDLC _cDLC _dDLC |
||
| 041 | 1 |
_aeng _hfre |
|
| 050 | 0 | 0 |
_aPQ3989.2.B78 _bB313 1991 |
| 082 | 0 | 0 |
_a843 _220 |
| 100 | 1 |
_aBugul, Ken. _93498 |
|
| 240 | 1 | 0 |
_aBaobab fou. _lEnglish |
| 245 | 1 | 4 |
_aThe abandoned baobab : _bthe autobiography of a Senegalese woman / _cKen Bugul ; foreword by Nikki Giovanni ; translated from the French by Marjolijn de Jager. |
| 250 | _a1st ed. | ||
| 260 |
_aChicago, Ill. : _bLawrence Hill Books, _cc1991. |
||
| 300 |
_avii, 159 p. ; _c24 cm. |
||
| 500 | _aTranslation of: Le baobab fou. | ||
| 906 |
_a7 _bcbc _corignew _d1 _eocip _f19 _gy-gencatlg |
||
| 942 |
_2lcc _cMONOGRAPH |
||
| 999 |
_c118581 _d118581 |
||